| 000 | 01525nam a2200313 4500 | ||
|---|---|---|---|
| 003 | CO-CtgCURN | ||
| 005 | 20250329165449.0 | ||
| 008 | 160531s1996 000 0 eng d | ||
| 040 |
_aCO-CtgCURN _bspa _ccoctgcurn |
||
| 082 | 0 |
_aLEE 1996 _bG216 |
|
| 100 | 1 | _aGarcía Meza, Sirly. | |
| 245 | 1 | 0 |
_aManual de ayudas pedagógicas para los estudiantes de educacion especial en la enseñanza a niños con limitaciones auditivas en la Escuela Especial Para Niños Sordos / _cSirly García Meza, Carmen Martinez Claro, Carmen Ramos Carrington ; asesores, Jacinta Peniche de Paez, Carmen Castro de Guzman. |
| 260 |
_aCartagena de Indias : _bCorporacion Universitaria Rafael Nuñez, _c1996. |
||
| 300 | _a92 h. | ||
| 336 | _2rdacontent | ||
| 337 |
_2rdamedia _asin mediacion _bn |
||
| 338 |
_2rdacarrier _avolumen _bnc |
||
| 500 | _aIncluye anexos. | ||
| 502 | _aTrabajo de grado (Licenciado en Educacion Especial). Corporacion Universitaria Rafael Nuñez. Facultad de Ciencias Sociales y Humanas. Licenciatura en Educacion Especial, 1996. | ||
| 504 | _aIncluye bibliografia. | ||
| 590 | _aLicenciatura en Educacion Especial | ||
| 650 | 0 |
_aLicenciatura en Educacion Especial _vTesis y disertaciones academicas. |
|
| 700 | 1 | _aMartinez Claro, Carmen. | |
| 700 | 1 | _aRamos Carrington, Carmen. | |
| 700 | 1 |
_aPeniche de Paez, Jacinta, _easesor. |
|
| 700 | 1 |
_aCastro de Guzman, Carmen, _easesor. |
|
| 942 |
_hLEE 1996 _iG216 _2ddc _cTG |
||
| 999 |
_c4874 _d4874 |
||